Etika hodnotenia a klasifikácie na stredných školách = Ethics of assessment and clasifikation for secondary schools : Diplomová práca

Salvato in:
Dettagli Bibliografici
Autore principale: Mináriková, Mária (Autore)
Altri autori: Lang, Ján, 1972- (xxx)
Natura: Manoscritto Libro
Lingua:slovacco
Pubblicazione: Trnava : STU v Bratislave MTF UIPH, 2009
Soggetti:
Tags: Aggiungi Tag
Nessun Tag, puoi essere il primo ad aggiungerne!!

MARC

LEADER 00000ntm a22000003a 4500
001 stu198528
005 20160719160141.5
008 100120s2009----xo------------------slo-d
040 |a STU  |b slo 
041 0 |a slo 
044 |a xo 
100 1 |a Mináriková, Mária  |4 aut 
245 1 |a Etika hodnotenia a klasifikácie na stredných školách = Ethics of assessment and clasifikation for secondary schools :  |b Diplomová práca 
260 |a Trnava :  |b STU v Bratislave MTF UIPH,  |c 2009 
300 |a 71 s  |c príl (1 CD-ROM) 
500 |a Študijný odbor: 1.1.2 učiteľstvo profesijných predmetov a praktickej prípravy 
500 |a Študijný program: učiteľstvo technických profesijných predmetov 
650 7 |a klasifikácia žiakov  |2 stusub 
700 1 |a Lang, Ján,  |d 1972-  |4 xxx  |u I200  |U FIIT Fakulta informatiky a informačných technológií  |T FIIT Ústav informatiky a softvérového inžinierstva  |X 60247  |U I200  |Y 179  |7 60247 
996 |b 284M077675  |c M*DP-8739  |l MMSKP  |s P  |a 0  |w stu198528_0001